00484nam a22001577a 450000500170000000800410001702000180005804100130007608200150008910000250010424500720012925000200020126000470022130000330026865000250030120231116065947.0231116b |||||||| |||| 00| 0 eng d a9780702178856 aEnglish  a344.1 GRO  aGrogan, J lEnglish  aDismissal, Discrimination and Unfair Labour Practices / cJ Grogan  aSecond Edition  aCape Town : bJuta and Company Ltd, c2007 blviii, 622 pages ; c25 cm.  aLegal practice bLaw